[Event "24e tournoi 1hKO"]
[Site "Montigny le Bretonneux"]
[Date "2022.05.28"]
[Round "6.11"]
[White "Privat, Jean-Claude"]
[Black "Baysse, Nathan"]
[Result "1-0"]
[WhiteElo "1527"]
[BlackElo "1199"]
[Annotator "Rivier,Sylvain"]
[PlyCount "89"]
[EventDate "2022.??.??"]

{Gambit dame, dÃ©fense slave} 1. d4 d5 2. c4 c6 3. Nf3 Bf5 4. Nc3 Nf6 5. e3 Na6
6. a3 e6 7. Ne5 Bd6 8. f4 Nd7 9. Qf3 f6 10. Nxd7 Qxd7 11. c5 Bc7 12. Be2 b6 13.
Bxa6 b5 14. Bb7 Rb8 15. Bxc6 Qxc6 16. b4 Be4 17. Nxe4 dxe4 18. Qe2 Qd5 19. O-O
O-O 20. Qa2 a5 21. Qxd5 exd5 22. Bd2 Ra8 23. Rfc1 a4 24. Be1 h6 25. Bh4 g5 26.
fxg5 fxg5 27. Bg3 Bxg3 28. hxg3 Rf7 29. Rf1 Rc7 30. Rf6 Kg7 31. Raf1 Raa7 32.
Rd6 h5 33. Rxd5 Kg6 34. Rd6+ Kg7 35. Rf5 h4 36. Rxg5+ Kf7 37. gxh4 Ra8 38. Re5
Rh8 39. Rxe4 Rh5 40. Rf4+ Ke7 41. Rg6 Rc8 42. Rg5 Rh6 43. Re5+ Kd7 44. Rf7+ Kc6
45. d5# 1-0

[Event "24e tournoi 1hKO"]
[Site "Montigny le Bretonneux"]
[Date "2022.05.28"]
[Round "6.12"]
[White "Montay, Jean-Paul"]
[Black "Belan, Valentin"]
[Result "0-1"]
[WhiteElo "1283"]
[BlackElo "1497"]
[Annotator "Rivier,Sylvain"]
[PlyCount "84"]
[EventDate "2022.??.??"]

{Ouverture anglaise, variante Nimzo refusÃ©e} 1. c4 e6 2. Nc3 d5 3. cxd5 exd5
4. Nf3 Nf6 5. g3 c6 6. e3 Bf5 7. Bg2 Bd6 8. O-O O-O 9. d4 Qd7 10. Re1 Bh3 11.
Bh1 Ne4 12. Nxe4 dxe4 13. Ng5 Bg4 14. Qc2 f5 15. Qb3+ Kh8 16. Ne6 Rf6 17. Nf4
Na6 18. h3 Bf3 19. Ne2 f4 20. exf4 Qxh3 21. Bxf3 exf3 22. Qxf3 Rh6 23. Qg2 Qf5
24. Nc3 Nb4 25. Rb1 Nc2 26. Qe4 Qh3 27. Qe8+ Bf8 28. Qe4 Qh2+ 29. Kf1 Nxe1 30.
Qxe1 Qh1+ 31. Ke2 Re8+ 32. Be3 Qh5+ 33. Kd2 Rd6 34. Qh1 Qf5 35. f3 c5 36. d5
Rxd5+ 37. Nxd5 Qxd5+ 38. Ke2 Qc4+ 39. Kd2 Rd8+ 40. Ke1 Qd3 41. Kf2 Qc2+ 42. Kg1
Qxb1+ {suite illisible} 0-1

[Event "24e tournoi 1hKO"]
[Site "Montigny le Bretonneux"]
[Date "2022.05.28"]
[Round "6.14"]
[White "Touahir, Ismael"]
[Black "Lanfant, Kevin"]
[Result "1-0"]
[WhiteElo "1009"]
[BlackElo "1199"]
[Annotator "Rivier,Sylvain"]
[PlyCount "85"]
[EventDate "2022.??.??"]

{DÃ©fense Caro-Kann} 1. e4 c6 2. Nf3 d5 3. d3 dxe4 4. dxe4 Qxd1+ 5. Kxd1 Nf6 6.
Nc3 Bg4 7. h3 Bxf3+ 8. gxf3 e6 9. e5 Nd5 10. Nxd5 cxd5 11. Bg2 Nc6 12. f4 Rd8
13. Be3 d4 14. Bxc6+ bxc6 15. Bd2 Bc5 16. Ba5 Rb8 17. b3 O-O 18. a3 Bb6 19. Bb4
Rfd8 20. Kc1 d3 21. cxd3 Rxd3 22. Kc2 Rf3 23. Rh2 Rxf4 24. Rg1 Bd4 25. Bd6 Rb5
26. Rhg2 g6 27. Rd1 Bxe5 28. a4 Bxd6 29. axb5 Bc7 30. bxc6 Rb4 31. Rd7 Bb6 32.
c7 Bxc7 33. Rxc7 f5 34. Rg1 Rd4 35. Kc3 Rd6 36. Ra1 a6 37. b4 Rb6 38. Rd1 Rb8
39. Rdd7 e5 40. Rxh7 f4 41. Rcg7+ Kf8 42. Ra7 e4 43. Rh8# 1-0

[Event "24e tournoi 1hKO"]
[Site "Montigny le Bretonneux"]
[Date "2022.05.28"]
[Round "6.15"]
[White "Goron, Adrien"]
[Black "Ruiz, Alexandra"]
[Result "0-1"]
[WhiteElo "1199"]
[BlackElo "1199"]
[Annotator "Rivier,Sylvain"]
[PlyCount "55"]
[EventDate "2022.??.??"]

{DÃ©fense sicilienne} 1. e4 c5 2. Bc4 e6 3. Nf3 Nc6 4. O-O d6 5. d3 Be7 6. Nc3
Nf6 7. Re1 O-O 8. Bf4 Na5 9. Bb5 a6 10. Ba4 b5 11. Bb3 Nxb3 12. cxb3 Bb7 13. e5
dxe5 14. Bxe5 Bd6 15. Bxf6 gxf6 16. a4 Bc6 17. a5 Bc7 18. d4 c4 19. h4 Kh8 20.
g3 Rg8 21. Kg2 f5 22. Kf1 Rg4 23. Ne5 Bxe5 24. Rxe5 Qxd4 25. Qxd4 Rxd4 26. Re3
Rad8 27. b4 h5 28. Rb1 {suite illisible} 0-1

[Event "24e tournoi 1hKO"]
[Site "Montigny le Bretonneux"]
[Date "2022.05.29"]
[Round "7.1"]
[White "Maurel, Christophe"]
[Black "Fruchard, Cyrille"]
[Result "1/2-1/2"]
[WhiteElo "1562"]
[BlackElo "2302"]
[Annotator "Rivier,Sylvain"]
[PlyCount "72"]
[EventDate "2022.??.??"]

{Défense Caro-Kann, variante d'avance} 1. e4 c6 2. d4 d5 3. e5 Bf5 4. Be2 e6 5.
Nf3 Nd7 6. O-O Ne7 7. Re1 a6 8. Nbd2 c5 9. c3 h6 10. a3 Nc6 11. b4 cxd4 12.
cxd4 Be7 13. Nb3 a5 14. b5 Na7 15. a4 Rc8 16. Bd3 Bxd3 17. Qxd3 O-O 18. Bd2 b6
19. h3 Qc7 20. Rac1 Qb8 21. Nh2 Rxc1 22. Rxc1 Rc8 23. f4 Rxc1+ 24. Bxc1 f5 25.
g4 g6 26. Bd2 Qc7 27. Qc3 Qxc3 28. Bxc3 Bd8 29. gxf5 exf5 30. Kg2 Kf7 31. Kg3
Nf8 32. Nf3 g5 33. Nc1 Ne6 34. Nd3 Nc8 35. Bd2 Kg6 36. Be3 Be7 1/2-1/2

[Event "24e tournoi 1hKO"]
[Site "Montigny le Bretonneux"]
[Date "2022.05.29"]
[Round "7.2"]
[White "Divies, Renaud"]
[Black "Surugue, Philippe"]
[Result "1-0"]
[WhiteElo "1936"]
[BlackElo "1766"]
[Annotator "Rivier,Sylvain"]
[PlyCount "59"]
[EventDate "2022.??.??"]

{Défense Caro-Kann} 1. c4 g6 2. Nc3 c6 3. e4 d6 4. d4 e5 5. Bd3 Bh6 6. Bxh6
Nxh6 7. Qd2 Ng8 8. O-O-O Qc7 9. f4 Bg4 10. Be2 Bxe2 11. Ngxe2 Nd7 12. Rhf1 f6
13. fxe5 dxe5 14. d5 O-O-O 15. Kb1 Nc5 16. b4 Ne6 17. Qe3 Nf4 18. Nxf4 exf4 19.
Qxa7 g5 20. dxc6 Ne7 21. Qa8+ Qb8 22. cxb7+ Kc7 23. Nb5+ Kb6 24. c5+ Kxb5 25.
Qa5+ Kc4 26. Rxd8 Rxd8 27. Rc1+ Kd4 28. Rd1+ Kxe4 29. Qxd8 Qxb7 30. Qxe7+ 1-0

[Event "24e tournoi 1hKO"]
[Site "Montigny le Bretonneux"]
[Date "2022.05.29"]
[Round "7.3"]
[White "Forissier, Nicolas"]
[Black "Kalouche, Ibrahim Samuel"]
[Result "1-0"]
[WhiteElo "1909"]
[BlackElo "1099"]
[Annotator "Rivier,Sylvain"]
[PlyCount "43"]
[EventDate "2022.??.??"]

{Défense Nimzo-indienne, variante Fischer} 1. d4 Nf6 2. c4 e6 3. Nc3 Bb4 4. Nf3
b6 5. e3 Ne4 6. Qc2 Bxc3+ 7. bxc3 f5 8. Ba3 d6 9. d5 Qf6 10. Rd1 O-O 11. Bd3
Qg6 12. O-O Na6 13. Bxe4 fxe4 14. Nd2 e5 15. Qxe4 Bf5 16. Qh4 Bd3 17. Rfe1 Rf5
18. e4 Rg5 19. Qh3 Rf8 20. Re3 Rh5 21. Qe6+ Qxe6 22. dxe6 1-0

[Event "24e tournoi 1hKO"]
[Site "Montigny le Bretonneux"]
[Date "2022.05.29"]
[Round "7.4"]
[White "Cogez, Celine"]
[Black "Belardello, Mario-Jovani"]
[Result "1/2-1/2"]
[WhiteElo "1546"]
[BlackElo "1738"]
[Annotator "Rivier,Sylvain"]
[PlyCount "85"]
[EventDate "2022.??.??"]

{Défense Caro-Kann, variante d'échange} 1. e4 c6 2. d4 d5 3. exd5 cxd5 4. Bf4
Nc6 5. c3 Nf6 6. Nd2 g6 7. Bd3 Bg7 8. Ngf3 O-O 9. O-O Re8 10. Qc2 b6 11. Bb5
Bb7 12. Ne5 Rc8 13. Qa4 Na5 14. Bxe8 Nxe8 15. Rae1 Ba6 16. c4 dxc4 17. Ndf3 c3
18. bxc3 Bxf1 19. Kxf1 Nd6 20. Qa3 Nb5 21. Qb2 Nxc3 22. Bd2 Nd5 23. Bxa5 bxa5
24. Qb7 Rc7 25. Qb5 Rc8 26. Qb7 Rc2 27. Nc6 Qb6 28. Qc8+ Bf8 29. Nxe7+ Nxe7 30.
Qxc2 Nf5 31. d5 Qb5+ 32. Kg1 Qxd5 33. h3 h6 34. Re5 Qd8 35. g4 Ng7 36. Kg2 Ne6
37. Qc3 Bb4 38. Qb2 Bd6 39. Rb5 Nf4+ 40. Kf1 Bc7 41. h4 Qd1+ 42. Ne1 Nd3 43.
Qe2 1/2-1/2

[Event "24e tournoi 1hKO"]
[Site "Montigny le Bretonneux"]
[Date "2022.05.29"]
[Round "7.5"]
[White "Kunne, Ronald"]
[Black "Lebacq, Gaspar"]
[Result "1-0"]
[WhiteElo "1511"]
[BlackElo "1463"]
[Annotator "Rivier,Sylvain"]
[PlyCount "63"]
[EventDate "2022.??.??"]

{Défense française, variante d'avance} 1. e4 e6 2. d4 d5 3. e5 c5 4. c3 Nc6 5.
Nf3 Qb6 6. a3 Bd7 7. b4 cxd4 8. cxd4 a6 9. Nc3 Nge7 10. Bb2 Ng6 11. Na4 Qd8 12.
Nc5 Bxc5 13. dxc5 Qc7 14. Qe2 O-O 15. h4 Nge7 16. h5 h6 17. g4 Rad8 18. g5 Nf5
19. Bh3 Nce7 20. Rg1 Bb5 21. Qd2 hxg5 22. Qxg5 Kh8 23. Nh4 Rg8 24. Nxf5 Nxf5
25. Bxf5 exf5 26. Qxf5 Qc6 27. Qxf7 Rdf8 28. Qg6 Rf6 29. exf6 Qe6+ 30. Kd1 Qe2+
31. Kc1 Bd3 32. fxg7+ 1-0

[Event "24e tournoi 1hKO"]
[Site "Montigny le Bretonneux"]
[Date "2022.05.29"]
[Round "7.6"]
[White "Faris, Marouane"]
[Black "Koutchinsky, Gabriel"]
[Result "0-1"]
[WhiteElo "1669"]
[BlackElo "1290"]
[Annotator "Rivier,Sylvain"]
[PlyCount "146"]
[EventDate "2022.??.??"]

{Défense Alekhine, variante des quatre pions} 1. e4 Nf6 2. e5 Nd5 3. d4 d6 4.
c4 Nb6 5. exd6 cxd6 6. Be3 Nc6 7. Nc3 g6 8. Rc1 Bg7 9. b3 O-O 10. Nf3 Bg4 11.
Be2 Re8 12. O-O Rc8 13. Qd2 d5 14. c5 Nd7 15. h3 Bxf3 16. Bxf3 e6 17. Ne2 Qa5
18. Qb2 Nxc5 19. b4 Nd3 20. bxa5 Nxb2 21. Rb1 Nc4 22. Rxb7 N4xa5 23. Rb5 Rb8
24. a4 Rb6 25. Bf4 Rxb5 26. axb5 Nxd4 27. Nxd4 Bxd4 28. Rd1 Bb6 29. Be5 Nc4 30.
Bd4 Bxd4 31. Rxd4 Rb8 32. Be2 Rxb5 33. Rd1 Rb2 34. Bxc4 dxc4 35. Rd8+ Kg7 36.
Rc8 Rb1+ 37. Kh2 Rc1 38. Ra8 Ra1 39. Rc8 Ra4 40. Rc7 a5 41. Rc5 Kf6 42. Kg3
Ra3+ 43. Kf4 c3 44. g4 g5+ 45. Ke4 h6 46. Kd4 Kg6 47. Ke4 a4 48. Rc4 c2 49.
Rxc2 Rxh3 50. f3 h5 51. gxh5+ Rxh5 52. Rc8 Rh1 53. Ra8 Ra1 54. Ke3 a3 55. Kf2
a2 56. Kg2 Kf5 57. Ra5+ e5 58. Ra7 f6 59. Ra6 Kg6 60. Ra8 f5 61. Rg8+ Kf7 62.
Ra8 e4 63. fxe4 fxe4 64. Ra5 Kf6 65. Ra6+ Kf5 66. Ra5+ Kf4 67. Ra3 e3 68. Ra4+
Ke5 69. Ra3 Kd4 70. Ra4+ Kd3 71. Ra8 Kd2 72. Rd8+ Ke1 73. Ra8 Rd1 0-1

[Event "24e tournoi 1hKO"]
[Site "Montigny le Bretonneux"]
[Date "2022.05.29"]
[Round "7.7"]
[White "Belan, Valentin"]
[Black "Gaudin, Vincent"]
[Result "1/2-1/2"]
[WhiteElo "1497"]
[BlackElo "1609"]
[Annotator "Rivier,Sylvain"]
[PlyCount "111"]
[EventDate "2022.??.??"]

{Défense sicilienne, attaque Canal-Sokolsky} 1. e4 c5 2. Nf3 d6 3. Bb5+ Bd7 4.
Bxd7+ Nxd7 5. O-O Ngf6 6. Qe2 Qc7 7. c3 g6 8. d3 Bg7 9. Nbd2 O-O 10. a4 a6 11.
a5 Nb8 12. Nc4 Nfd7 13. Bg5 Re8 14. Qd2 b5 15. axb6 Nxb6 16. Nxb6 Qxb6 17. Bh6
Nc6 18. Bxg7 Kxg7 19. Rfe1 Rab8 20. e5 Nxe5 21. Nxe5 dxe5 22. Rxe5 Qxb2 23.
Qxb2 Rxb2 24. Rxc5 Reb8 25. h3 Rd2 26. d4 Rbb2 27. Rxa6 Rxf2 28. Rg5 Rfc2 29.
Rc6 Rb3 30. c4 f5 31. h4 Kh6 32. Kh2 Rd3 33. Rxf5 Rxd4 34. Re5 Rxh4+ 35. Kg3
Rd4 36. Rxe7 Rd3+ 37. Kh2 Rdd2 38. c5 Rxg2+ 39. Kh3 Rg5 40. Rcc7 Rh5+ 41. Kg3
Rhxc5 42. Rxh7+ Kg5 43. Rxc5+ Rxc5 44. Rd7 Rc3+ 45. Kg2 Kh6 46. Rd6 Kh5 47.
Rd5+ g5 48. Rd1 g4 49. Rh1+ Kg5 50. Rf1 Rc5 51. Kg3 Rc7 52. Rf8 Rc3+ 53. Kg2
Rc5 54. Kg3 Rc1 55. Rg8+ Kf5 56. Rf8+ 1/2-1/2

[Event "24e tournoi 1hKO"]
[Site "Montigny le Bretonneux"]
[Date "2022.05.29"]
[Round "7.8"]
[White "Nacer-Bey, Moussa"]
[Black "Chennoufi, Amine"]
[Result "0-1"]
[WhiteElo "1571"]
[BlackElo "1490"]
[Annotator "Rivier,Sylvain"]
[PlyCount "92"]
[EventDate "2022.??.??"]

{Défense sicilienne, attaque Sozin} 1. e4 c5 2. Nf3 d6 3. d4 cxd4 4. Nxd4 Nf6
5. Nc3 a6 6. a3 e6 7. Bc4 Be7 8. O-O b5 9. Ba2 Bb7 10. f3 O-O 11. Be3 Nbd7 12.
Bxe6 fxe6 13. Nxe6 Qc8 14. Nxf8 Bxf8 15. Qd2 Ne5 16. b3 Qe6 17. Rfd1 Rc8 18.
Rac1 h6 19. Nd5 Nxd5 20. exd5 Qg6 21. Kh1 Be7 22. c3 Bf6 23. c4 bxc4 24. Qb4
Qf7 25. bxc4 Qe7 26. Bd4 Kf7 27. Re1 Qc7 28. f4 Nd3 29. Bb6 Nxb4 30. Bxc7 Nd3
31. Bxd6 Nxc1 32. Rxc1 Bxd5 33. c5 Bb2 34. Rd1 Bc6 35. Rd3 Re8 36. h3 Re2 37.
Rg3 Ke6 38. Bf8 Kf5 39. Bxg7 Rxg2 40. Rxg2 Bxg7 41. Kh2 Bxg2 42. Kxg2 Kxf4 43.
c6 Be5 44. a4 Ke4 45. Kf2 Kd5 46. Kf3 Kxc6 0-1

[Event "24e tournoi 1hKO"]
[Site "Montigny le Bretonneux"]
[Date "2022.05.29"]
[Round "7.10"]
[White "Maurel, Thibaud"]
[Black "Mongey, Alain"]
[Result "1-0"]
[WhiteElo "1457"]
[BlackElo "1548"]
[Annotator "Rivier,Sylvain"]
[PlyCount "63"]
[EventDate "2022.??.??"]

{Défense sicilienne, fianchetto accéléré moderne} 1. e4 c5 2. Nf3 Nc6 3. d4
cxd4 4. Nxd4 g6 5. Nc3 Bg7 6. Be3 Nf6 7. Bc4 d6 8. Nxc6 bxc6 9. e5 Ng8 10. Bd4
e6 11. Ne4 Bf8 12. Qf3 Be7 13. Nxd6+ Bxd6 14. exd6 f6 15. O-O-O Rb8 16. g4 Rb4
17. Bb3 Bb7 18. Bc5 Rb5 19. Qe3 Qa5 20. Bd4 c5 21. Bc3 Qb6 22. Rhe1 Rxb3 23.
axb3 Kf7 24. g5 h5 25. Qf4 Qd8 26. gxf6 Nh6 27. Re5 Bc6 28. Rg1 Nf5 29. Rxf5
exf5 30. Qc4+ Kf8 31. Rxg6 Qe8 32. d7 1-0

[Event "24e tournoi 1hKO"]
[Site "Montigny le Bretonneux"]
[Date "2022.05.29"]
[Round "7.11"]
[White "Baltzer, Jean-Marc"]
[Black "Couradin, Bruno"]
[Result "1/2-1/2"]
[WhiteElo "1412"]
[BlackElo "1411"]
[Annotator "Rivier,Sylvain"]
[PlyCount "107"]
[EventDate "2022.??.??"]

{Ouverture anglaise, variante sicilienne inversée} 1. c4 e5 2. Nc3 Nc6 3. g3
Nf6 4. Bg2 Bc5 5. e4 d6 6. h3 O-O 7. Nge2 Be6 8. d3 Qd7 9. f4 exf4 10. gxf4 Qe7
11. d4 Bb4 12. d5 Bd7 13. dxc6 Bxc6 14. O-O Nxe4 15. Nd5 Bxd5 16. Qxd5 Bc5+ 17.
Kh2 Nf6 18. Qf3 Rfe8 19. Nc3 c6 20. Bd2 Qe6 21. b3 Rad8 22. Rae1 Qd7 23. Rxe8+
Rxe8 24. Re1 Rxe1 25. Bxe1 Qe7 26. Bh4 Qe6 27. Ne4 Nd7 28. Bg3 Bb6 29. f5 Qe8
30. Nxd6 Qe7 31. Ne4 Bd4 32. Bd6 Qe8 33. Qd3 Bf6 34. Nxf6+ Nxf6 35. Qc3 Qd7 36.
Qe5 Ne8 37. Bb4 f6 38. Qe7 Qxe7 39. Bxe7 Kf7 40. Ba3 g6 41. Be4 Ng7 42. fxg6+
hxg6 43. Kg3 f5 44. Bf3 Ne6 45. Bb2 g5 46. Bh5+ Ke7 47. Bg6 f4+ 48. Kg4 Kd6 49.
Bf5 c5 50. Bf6 Nd4 51. Bxg5 Ke5 52. Bxf4+ Kf6 53. h4 Nxf5 54. Bg5+ {suite
illisible} 1/2-1/2

[Event "24e tournoi 1hKO"]
[Site "Montigny le Bretonneux"]
[Date "2022.05.29"]
[Round "7.12"]
[White "Couradin, Jean-Marie"]
[Black "Touahir, Ismael"]
[Result "1-0"]
[WhiteElo "1508"]
[BlackElo "1009"]
[Annotator "Rivier,Sylvain"]
[PlyCount "79"]
[EventDate "2022.??.??"]

{Partie écossaise} 1. e4 e5 2. Nf3 Nc6 3. d4 exd4 4. Nxd4 Nxd4 5. Qxd4 Nf6 6.
Nc3 c5 7. Qd3 b6 8. Bf4 Bb7 9. O-O-O Bc6 10. f3 Be7 11. g4 O-O 12. e5 Ne8 13.
h4 c4 14. Qe3 Bc5 15. Qe2 Qc8 16. Bg2 Nc7 17. Qxc4 Qb7 18. Rd3 Bb5 19. Nxb5 Qc6
20. a4 d5 21. exd6 Nxb5 22. Qxb5 Qxb5 23. axb5 Rfe8 24. Rhd1 a5 25. Bg3 a4 26.
f4 a3 27. Bxa8 a2 28. Kd2 Rxa8 29. Ra1 Bb4+ 30. c3 Bc5 31. d7 Be7 32. f5 Re8
33. Rxa2 h6 34. Bc7 Bxh4 35. d8=Q Bxd8 36. Rxd8 Rxd8+ 37. Bxd8 g5 38. Ra8 Kh8
39. Bf6+ Kh7 40. Rh8# 1-0

[Event "24e tournoi 1hKO"]
[Site "Montigny le Bretonneux"]
[Date "2022.05.29"]
[Round "7.13"]
[White "Lanfant, Kevin"]
[Black "Montay, Jean-Paul"]
[Result "0-1"]
[WhiteElo "1199"]
[BlackElo "1283"]
[Annotator "Rivier,Sylvain"]
[PlyCount "79"]
[EventDate "2022.??.??"]

{Défense française, variante classique} 1. d4 Nf6 2. Bg5 e6 3. e4 Be7 4. Nc3
O-O 5. Nf3 d5 6. Bxf6 Bxf6 7. e5 Be7 8. a3 c5 9. Be2 cxd4 10. Nxd4 a6 11. O-O
Nc6 12. Nxc6 bxc6 13. b4 Qc7 14. f4 Rb8 15. Na4 c5 16. bxc5 Bxc5+ 17. Nxc5
Qxc5+ 18. Kh1 a5 19. Rf3 Bd7 20. Qd3 Bb5 21. Qd2 Bxe2 22. Qxe2 Rb2 23. Rc1 Rfb8
24. h3 Rb1 25. Rxb1 Rxb1+ 26. Rf1 Rxf1+ 27. Qxf1 Qxc2 28. Qb5 Qc1+ 29. Kh2
Qxf4+ 30. Kg1 Qe3+ 31. Kh2 Qxe5+ 32. Kg1 Qe1+ 33. Kh2 h6 34. Qb8+ Kh7 35. Qb2
e5 36. g4 d4 37. g5 Qc3 38. Qb6 Qd2+ 39. Kh1 Qe1+ 40. Kh2 0-1

[Event "24e tournoi 1hKO"]
[Site "Montigny le Bretonneux"]
[Date "2022.05.29"]
[Round "7.15"]
[White "Baysse, Nathan"]
[Black "Goron, Adrien"]
[Result "1-0"]
[WhiteElo "1199"]
[BlackElo "1199"]
[Annotator "Rivier,Sylvain"]
[PlyCount "133"]
[EventDate "2022.??.??"]

{Partie italienne} 1. e4 e5 2. Nf3 Bc5 3. Bc4 Nc6 4. O-O Nf6 5. Nc3 O-O 6. d3
d6 7. Be3 Re8 8. Bb5 Be6 9. Ng5 Bg4 10. Nf3 a6 11. Bxc6 bxc6 12. Na4 Bb4 13. c3
Ba5 14. b4 Bb6 15. c4 a5 16. c5 Ba7 17. cxd6 cxd6 18. bxa5 Qxa5 19. Bd2 Qb5 20.
Rb1 Qxd3 21. Rb3 Qxe4 22. Ra3 Qc4 23. Qb3 Qd5 24. Qxd5 Nxd5 25. Rd3 Nf6 26.
Rxd6 Rec8 27. Nxe5 Rab8 28. Nxc6 Rb7 29. Nxa7 Rxa7 30. Nc3 h5 31. Be3 Rxc3 32.
Bxa7 Rc2 33. a4 Ra2 34. h3 Bf5 35. Bd4 Ne8 36. Rd8 Kf8 37. Bc5+ Kg8 38. Ra8 Re2
39. a5 Be4 40. Rxe8+ Kh7 41. a6 f5 42. a7 h4 43. Rxe4 fxe4 44. a8=Q Kh6 45. Bb4
g6 46. Rc1 Rb2 47. Qxe4 Kh5 48. Qg4+ Kh6 49. Qd7 Rxb4 50. Qd2+ g5 51. Qxb4 Kh5
52. Qxh4+ gxh4 53. Rc4 Kg5 54. f4+ Kf5 55. Ra4 Kf6 56. Ra5 Kf7 57. Ra6 Ke7 58.
Kf2 Kd7 59. Ke3 Kc7 60. Kd4 Kd7 61. Kc5 Ke7 62. Kd5 Kd7 63. Ra7+ Ke8 64. Kd6
Kf8 65. Ke6 Kg8 66. Kf6 Kf8 67. Ra8# 1-0

[Event "24e tournoi 1hKO"]
[Site "Montigny le Bretonneux"]
[Date "2022.05.29"]
[Round "8.1"]
[White "Fruchard, Cyrille"]
[Black "Divies, Renaud"]
[Result "1/2-1/2"]
[WhiteElo "2302"]
[BlackElo "1936"]
[Annotator "Rivier,Sylvain"]
[PlyCount "44"]
[EventDate "2022.??.??"]

{Ouverture du pion dame} 1. d4 Nf6 2. Bg5 g6 3. Bxf6 exf6 4. g3 Bg7 5. Bg2 O-O
6. e4 Re8 7. Ne2 b6 8. Nbc3 Bb7 9. d5 c5 10. h4 h5 11. g4 hxg4 12. h5 f5 13.
hxg6 fxg6 14. Qd2 Qf6 15. exf5 gxf5 16. O-O-O b5 17. Nf4 b4 18. Nh5 Qh6 19. Nb5
Qxd2+ 20. Rxd2 Be5 21. Kd1 Na6 22. Ng3 f4 1/2-1/2

[Event "24e tournoi 1hKO"]
[Site "Montigny le Bretonneux"]
[Date "2022.05.29"]
[Round "8.2"]
[White "Forissier, Nicolas"]
[Black "Maurel, Christophe"]
[Result "0-1"]
[WhiteElo "1909"]
[BlackElo "1562"]
[Annotator "Rivier,Sylvain"]
[PlyCount "74"]
[EventDate "2022.??.??"]

{Défense Nimzo-indienne, système Rubinstein} 1. d4 Nf6 2. c4 e6 3. Nc3 Bb4 4.
e3 O-O 5. Bd3 b6 6. Nge2 Bb7 7. O-O c5 8. d5 exd5 9. Nxd5 Nxd5 10. cxd5 d6 11.
a3 Ba5 12. Nf4 Ba6 13. Bxa6 Nxa6 14. Qg4 b5 15. b4 f5 16. Qg3 Qf6 17. Rb1 Bd8
18. Bb2 Qh6 19. Ne6 Rf7 20. Qxd6 Bc7 21. Nxc7 Qxd6 22. Nxa8 Qxd5 23. Rfd1 Qxa8
24. Rd6 Qe4 25. Rbd1 h6 26. h3 Nc7 27. bxc5 Qc2 28. R6d2 Qxc5 29. Rc1 Qe7 30.
Rdc2 Ne6 31. Rc8+ Kh7 32. Rb8 a6 33. Rcc8 Rf8 34. Rxf8 Nxf8 35. Ra8 Ng6 36.
Rxa6 Nh4 37. Kh1 Qb7 0-1

[Event "24e tournoi 1hKO"]
[Site "Montigny le Bretonneux"]
[Date "2022.05.29"]
[Round "8.3"]
[White "Belardello, Mario-Jovani"]
[Black "Surugue, Philippe"]
[Result "1-0"]
[WhiteElo "1738"]
[BlackElo "1766"]
[Annotator "Rivier,Sylvain"]
[PlyCount "60"]
[EventDate "2022.??.??"]

{Ouverture anglaise, variante de Breme} 1. c4 c6 2. g3 g6 3. Bg2 Bg7 4. Nc3 Nf6
5. e4 e5 6. Nge2 d6 7. d3 O-O 8. O-O c5 9. h3 Nc6 10. Kh2 Bd7 11. f4 Nd4 12.
Nxd4 cxd4 13. Ne2 a5 14. a4 h5 15. Ng1 Qc8 16. Nf3 Nh7 17. Bd2 f5 18. Nh4 Qe8
19. exf5 Rxf5 20. Bd5+ Kh8 21. Be4 Bf6 22. Nxf5 gxf5 23. Bf3 h4 24. g4 e4 25.
Re1 e3 26. Bc1 Ng5 27. fxg5 Qe5+ 28. Kh1 Qg3 29. Qe2 Be5 30. Rf1 Qxh3+ 1-0

[Event "24e tournoi 1hKO"]
[Site "Montigny le Bretonneux"]
[Date "2022.05.29"]
[Round "8.4"]
[White "Cogez, Celine"]
[Black "Kunne, Ronald"]
[Result "1-0"]
[WhiteElo "1546"]
[BlackElo "1511"]
[Annotator "Rivier,Sylvain"]
[PlyCount "43"]
[EventDate "2022.??.??"]

{Défense française, variante d'avance} 1. e4 e6 2. d4 d5 3. e5 c5 4. c3 Nc6 5.
Nf3 Bd7 6. Be2 f6 7. O-O Qc7 8. Bf4 O-O-O 9. Bg3 fxe5 10. Nxe5 Nxe5 11. Bxe5
Qb6 12. Qb3 Nf6 13. Nd2 c4 14. Qxb6 axb6 15. b3 b5 16. a4 bxa4 17. bxa4 Bc6 18.
Rfb1 Kd7 19. a5 Ra8 20. Bd1 Be7 21. Ba4 Bd8 22. Rxb7+ 1-0

[Event "24e tournoi 1hKO"]
[Site "Montigny le Bretonneux"]
[Date "2022.05.29"]
[Round "8.5"]
[White "Koutchinsky, Gabriel"]
[Black "Branson, James"]
[Result "1-0"]
[WhiteElo "1290"]
[BlackElo "1553"]
[Annotator "Rivier,Sylvain"]
[PlyCount "76"]
[EventDate "2022.??.??"]

{Ouverture anglaise} 1. c4 e5 2. Nc3 d6 3. Nf3 f5 4. e3 Nf6 5. d4 e4 6. Nd2 c6
7. b4 Be7 8. Qb3 O-O 9. b5 Kh8 10. Be2 Qc7 11. O-O Nbd7 12. f3 exf3 13. Nxf3
Ne4 14. Nxe4 fxe4 15. Nd2 Rxf1+ 16. Bxf1 Nf6 17. Bb2 Bf5 18. Be2 Qd7 19. Rf1 d5
20. Ba3 Bxa3 21. Qxa3 h6 22. Qc5 Bg4 23. bxc6 bxc6 24. Bxg4 Qxg4 25. Qxc6 Rc8
26. Qa6 Rc7 27. c5 Qg5 28. Qe2 Rb7 29. Nb3 Kg8 30. Na5 Rc7 31. Qf2 Qg4 32. Qf4
Qc8 33. Qg3 Rf7 34. Rb1 Qa6 35. Qe1 Ng4 36. Rb3 Rf2 37. h3 Re2 38. Qf1 Nf6 {
suite illisible} 1-0

[Event "24e tournoi 1hKO"]
[Site "Montigny le Bretonneux"]
[Date "2022.05.29"]
[Round "8.6"]
[White "Chennoufi, Amine"]
[Black "Maurel, Thibaud"]
[Result "1-0"]
[WhiteElo "1490"]
[BlackElo "1457"]
[Annotator "Rivier,Sylvain"]
[PlyCount "79"]
[EventDate "2022.??.??"]

{Défense Nimzo-indienne, variante des trois cavaliers} 1. d4 Nf6 2. c4 e6 3.
Nf3 b6 4. Nc3 Bb4 5. Bd2 Bb7 6. e3 d5 7. cxd5 Nxd5 8. a3 Be7 9. Bd3 Nd7 10. O-O
O-O 11. e4 Nxc3 12. bxc3 c5 13. a4 cxd4 14. cxd4 e5 15. d5 f5 16. Bc3 Bf6 17.
Bb4 Re8 18. a5 bxa5 19. Bxa5 Nb6 20. Qb3 Bxd5 21. exd5 e4 22. Bb5 Bxa1 23. Bxe8
Qxe8 24. d6+ Kh8 25. Rxa1 exf3 26. Bxb6 axb6 27. Rxa8 Qxa8 28. gxf3 Qd8 29. Qe3
Kg8 30. Qe6+ Kf8 31. Qxf5+ Ke8 32. Qe6+ Kf8 33. f4 g6 34. Kf1 b5 35. f5 gxf5
36. Qxf5+ Ke8 37. Qxb5+ Kf8 38. Qf5+ Kg8 39. d7 Qh4 40. Qd5+ 1-0

[Event "24e tournoi 1hKO"]
[Site "Montigny le Bretonneux"]
[Date "2022.05.29"]
[Round "8.7"]
[White "Lebacq, Gaspar"]
[Black "Kalouche, Ibrahim Samuel"]
[Result "1-0"]
[WhiteElo "1463"]
[BlackElo "1099"]
[Annotator "Rivier,Sylvain"]
[PlyCount "107"]
[EventDate "2022.??.??"]

{Ouverture anglaise} 1. c4 e5 2. Nc3 Nf6 3. e4 Bc5 4. d3 O-O 5. h3 Nc6 6. Nf3
d6 7. Bg5 h6 8. Bh4 Ne7 9. Bxf6 gxf6 10. Be2 Kh7 11. Qd2 a5 12. Nh2 a4 13. Ng4
Ng8 14. Nd5 Bxg4 15. hxg4 c6 16. Ne3 Qb6 17. a3 Bxe3 18. fxe3 Ne7 19. Kf2 Rh8
20. d4 c5 21. Rh5 cxd4 22. exd4 Qxd4+ 23. Qxd4 exd4 24. Rah1 Kg7 25. Rd1 Nc6
26. Rb5 Rhe8 27. Rxb7 Rxe4 28. Bf3 Na5 29. Rxf7+ Kxf7 30. Bxe4 Rb8 31. Bd5+ Kg6
32. Rxd4 Rxb2+ 33. Kg1 Rb3 34. c5 Rb1+ 35. Kh2 dxc5 36. Rxa4 Rb5 37. Re4 f5 38.
Re6+ Kg5 39. gxf5 Kxf5 40. Rxh6 c4 41. Bxc4 Nxc4 42. Rh5+ Kg4 43. Rxb5 Nxa3 44.
Rb4+ Kg5 45. Kg3 Nc2 46. Rb5+ Kg6 47. Kg4 Ne3+ 48. Kg3 Nf5+ 49. Kf4 Ne7 50. g4
Nc8 51. Rb7 Kf6 52. g5+ Ke6 53. g6 Kf6 54. g7 1-0